000 00322nam a22001337a 4500
008 170130b xxu||||| |||| 00| 0 eng d
020 _a9781439055854
041 _aeng
080 _a61
100 _a3
101 _aSHMI
245 _aTHE TOTAL PRACTICE MANAGEMENT WORKBOOK/ USING E-MEDSYS
_cBRASIN, G.A
942 _2udc
_cBK
999 _c3961
_d3961